KOHA-Header-6

Problems Cases Manual Cost Accounting Planning and Control (Record no. 7708)

000 -LEADER
fixed length control field 00286nam a2200109Ia 4500
100 ## - MAIN ENTRY--AUTHOR NAME
Personal name Matz, Usry
245 #0 - TITLE STATEMENT
Title Problems Cases Manual Cost Accounting Planning and Control
260 ## - PUBLICATION, DISTRIBUTION, ETC. (IMPRINT)
Place of publication USA
Name of publisher Prentice
Year of publication 2003
300 ## - PHYSICAL DESCRIPTION
Number of Pages 640
942 ## - ADDED ENTRY ELEMENTS (KOHA)
Koha item type Books
Holdings
Withdrawn status Lost status Collection code Permanent Location Current Location Shelving location Date acquired Full call number Accession Number Koha item type
      MAJU MAJU   2019-09-12 658.2 1743 Accounting

Powered by Koha